[Event "Solingen Karneval op"]
[Site "Solingen"]
[Date "2013.02.08"]
[Round "1"]
[White "Fleckenstein, Tobias"]
[Black "Boschek, Hans Joachim"]
[Result "0-1"]
[WhiteElo "1446"]
[BlackElo "1935"]
[PlyCount "44"]
[EventDate "2013.02.08"]
[EventType "swiss"]
[EventRounds "5"]
[EventCountry "GER"]
[SourceTitle "EXT 2015"]
[Source "ChessBase"]
[SourceDate "2014.11.20"]
[SourceVersion "1"]
[SourceVersionDate "2014.11.20"]
[SourceQuality "1"]

1. e4 c5 2. d4 cxd4 3. c3 Nf6 4. e5 Nd5 5. cxd4 e6 6. Bc4 Nb6 7. Bb3 d6 8. Nc3 dxe5 9. dxe5 Qxd1+ 10. Bxd1 Nc6 11. f4 Bb4 12. Nge2 0-0 13. 0-0 Rd8 14. Ne4 Nd5 15. a3 Be7 16. b4 b6 17. b5 Na5 18. a4 Bb7 19. Ba3 Bxa3 20. Rxa3 Nc4 21. Rg3 Nde3 22. Nd6 Nxf1 0-1